| 000 | 006080000a22002050004500 | ||
|---|---|---|---|
| 003 | LK-CoMWRAF | ||
| 005 | 20231109131606.0 | ||
| 008 | 230817t2005 ||||| |||| 00| 0 eng d | ||
| 020 | _a9559102796 | ||
| 040 |
_aLK-CoMWRAF _dLK-CoMWRAF _eLK-CoMWRAF |
||
| 041 | _aeng | ||
| 082 |
_a363.2 _bFER |
||
| 100 | _aFernando, Laksiri | ||
| 245 | _aPolice-Civil Relations for Good Governance | ||
| 260 |
_aColombo: _bSocial Scientists' Association, _c2005 |
||
| 300 | _aiii, 166 p. ; 23 cm. | ||
| 650 | _aPOLICE COMMUNITY RELATIONS | ||
| 650 | _aPolice community relations-Sri Lanka-Kalutara District | ||
| 942 | _cBK | ||
| 999 |
_c851 _d851 |
||